00835nam a22002177a 450000500170000001000150001702000270003203500130005903700130007208200150008510000150010024500920011526000320020727000930023930000370033250000510036970000220042094200290044299900190047195201270049020161007123427.0 aENG-116180 a9789385285233c6000.00 aEN-99712 bDBAD/PUB a346.540438 aDeas, Lynn aHorse racing in India : cby Lynn Deas ; forword by Rasid R. Byramjiba Royal legacy /  aGurgaon bLexisNexis c2016 a14th Floor, Building No.10, Tower-B, DLF Cyber City, Phase-IIbGurgaon (Haryana)e122002 axiv,278p. :c24cm(Hb)bill (map) aIncludes bibliographical references and index  a Rasid R. Byramji 2ddccENmDEAh798.400954 c103904d103904 001040718REFaBL4bBL4d2016-10-06eDBAD/PUBg6000.00l0o798.400954 DEApEN-99712r2016-10-06 00:00:00t1v6000.00yEN